| 000 | 01230nam0a22003131 4500 | ||
|---|---|---|---|
| 001 | RU\INFOCOMM_327\NLR\5000002435 | ||
| 005 | 20250613103849.0 | ||
| 035 | _a(NLR Aleph) 009482385 | ||
| 090 |
_a8595962 _c8595962 |
||
| 100 | _a20121203d1987 |||y0rusy50 ca | ||
| 101 | 0 | _aeng | |
| 102 | _aRU | ||
| 105 | _ay z ||||| | ||
| 200 | 1 |
_aIrangate - the mirror of Washington's policy and morals _fComp. by Vladimir Verbenko et al. _gGen. ed. a. forew. by Karen Khachaturov, DrSc. (Hist.) |
|
| 210 |
_aM. _c"Novosti" press agency publ. house _d1987 |
||
| 215 |
_a91 с. _cил., портр. _d19 см |
||
| 300 | _aВ вып. дан.: "Ирангейт": зеркало политики и морали Вашингтона | ||
| 607 |
_aСоединенные Штаты _xВнешняя политика _z1945 _2nlr_sh1 |
||
| 620 | _aМосква | ||
| 686 |
_aТ3(7США)63-601.2 _2rubbk |
||
| 686 |
_aТ3(7США)63-67 _2rubbk |
||
| 701 | 1 |
_aVerbenko _bV. A. _gVladimir Andreevič |
|
| 702 | 1 |
_9z01790 _aChačaturov _bK. A. _f1927- _gKarén Armenovič _4340 |
|
| 790 | 1 |
_9z01702 _aKhachaturov _bK. _gKaren _4340 |
|
| 801 | 1 |
_aRU _bNLR _c20121203 |
|
| 801 | 0 |
_aRU _bINFOCOMM _gPSBO |
|
| 852 |
_aNLR _jИ97 Д-4/141 |
||
| 942 | _cBOOK | ||
| 980 | _aNB | ||